Příchuť zla /
Minulost volá. Třetí díl detektivní série s policistkou Madison Harperovou a soukromým detektivem Natem Monroem.
Uloženo v:
| Série: | Madison Harperová,
část 3 |
|---|---|
| Hlavní autor: | |
| Další autoři: | |
| Médium: | E-kniha |
| Jazyk: | Czech |
| Vydáno: |
V Praze :
Kniha Zlin,
2023
|
| Vydání: | 1. vydání |
| Témata: | |
| Příbuzné jednotky: | Z cyklu::
Madison Harperová |
| Tagy: |
Žádné tagy |
| LEADER | 02485nam a2200445 i 4500 | ||
|---|---|---|---|
| 001 | 312122 | ||
| 003 | CZ PrSKC | ||
| 005 | 20260601215717.0 | ||
| 007 | ta | ||
| 008 | 231012s2023 xr g 000 f cze | ||
| 015 | |a cnb003554427 | ||
| 020 | |a 9788076625365 |q (vázáno) | ||
| 035 | |a (OCoLC)1412781528 | ||
| 040 | |a ABG001 |b cze |e rda | ||
| 041 | 1 | |a cze |h eng | |
| 072 | 7 | |a 821.111-3 |x Anglická próza, anglicky psaná |2 Konspekt | |
| 080 | |a 821.111-31 |2 MRF | ||
| 080 | |a (0:82-312.4) |2 MRF | ||
| 100 | 1 | |a Dranfield, Wendy |7 xx0276894 |4 aut | |
| 240 | 1 | 0 | |a Little girl taken. |l Česky |
| 245 | 1 | 0 | |a Příchuť zla / |c Wendy Dranfield ; z anglického originálu Little girl taken ... přeložila Jana Vlčková |
| 250 | |a 1. vydání | ||
| 264 | 1 | |a V Praze : |b Kniha Zlin, |c 2023 | |
| 300 | |a 383 stran ; |c 21 cm | ||
| 336 | |a text |b txt |2 rdacontent | ||
| 337 | |a bez média |b n |2 rdamedia | ||
| 338 | |a svazek |b nc |2 rdacarrier | ||
| 520 | 2 | |a Minulost volá. Třetí díl detektivní série s policistkou Madison Harperovou a soukromým detektivem Natem Monroem. |b Madison Harperová s pomocí Natea Monroea konečně očistila své jméno. Teď musí znovu vybudovat svou kariéru a také vztah se synem, s nímž se během uvěznění nesměla vídat. Hned první den cestou do práce Madison najde havarované auto, v něm spoustu krve a opuštěné batole. Vzápětí se rozjíždí vyšetřování plné komplikací. Nateovi se mezitím ozve otec Jack Connor, což nevěstí nic dobrého. Vezme spravedlnost do svých rukou, nebo ďábelského kněze přenechá s největším sebezapřením policii? Nakladatelská anotace. Kráceno. | |
| 655 | 7 | |a anglické romány |7 fd131814 |2 czenas | |
| 655 | 7 | |a detektivní romány |7 fd132010 |2 czenas | |
| 655 | 9 | |a English fiction |2 eczenas | |
| 655 | 9 | |a detective novels |2 eczenas | |
| 700 | 1 | |a Vlčková, Jana, |d 1973- |7 mzk2003184700 |4 trl | |
| 787 | 0 | 8 | |i Z cyklu: |t Madison Harperová |g 3 |
| 900 | |a ABA001 |b 20 | ||
| 928 | 9 | |a Albatros Media - Kniha Zlin | |
| 044 | |a xr | ||
| 910 | |a RBIT002 | ||
| 998 | |d 387968 |a https://core.palmknihy.cz/api/books/387968/cover?sh3i7f |b https://core.palmknihy.cz/api/books/387968/cover/400?sh3i7f |c https://core.palmknihy.cz/api/books/387968/cover/50?sh3i7f |e 2029-05-24 |g 384 |i 9788076625365 |j https://core.palmknihy.cz/api/books/387968/preview.epub |k https://core.palmknihy.cz/api/books/387968/preview.pdf |l |q 49 |r 1 |s https://www.palmknihy.cz/kniha/387968 |t ebook |y 2023 |z 0 |v Madison Harperová |w 3 | ||
| 999 | |d 312120 | ||